000 00356 a2200097 4500
245 0 0 _aLampy elektronowe nadawcze - Magnetrony impulsowe Metody badaƄ elektrycznych PN-81/T-04870 /
_cMin. Przem. Maszynowego.
246 1 3 _aPN-81/T-04870
246 1 3 _a621.385.64:621.317.3
260 _aWarszawa :
_bMin. Przem. Maszynowego,
_c1981.
300 _a11 stron ;
_c30 cm.
650 _aPolska norma
999 _c21108
_d21108